مكتبة جامعة عجلون الوطنية

فهرس بحث المكتبة

Normal view MARC view
  • الزبادي، احمد محمد .....واخرون

Entry Personal Name

Number of records used in: 1

001 - CONTROL NUMBER

  • control field: 52903

003 - CONTROL NUMBER IDENTIFIER

  • control field: JO-AjAnu

005 - DATE AND TIME OF LATEST TRANSACTION

  • control field: 20230606082707.0

008 - FIXED-LENGTH DATA ELEMENTS

  • fixed length control field: 230606|| aca||aabn | a|a d

040 ## - CATALOGING SOURCE

  • Original cataloging agency: JO-AjAnu
  • Transcribing agency: JO-AjAnu

100 ## - HEADING--PERSONAL NAME

  • Personal name: الزبادي، احمد محمد .....واخرون

670 ## - SOURCE DATA FOUND

  • Source citation: Work cat.: (JO-AjAnu)27030: الزبادي، احمد محمد .....واخرون, author, تخطيط برامج تربية الطفل وتطويرها